<?xml version="1.0" encoding="UTF-8"?>
<record
    xmlns:xsi="http://www.w3.org/2001/XMLSchema-instance"
    xsi:schemaLocation="http://www.loc.gov/MARC21/slim http://www.loc.gov/standards/marcxml/schema/MARC21slim.xsd"
    xmlns="http://www.loc.gov/MARC21/slim">

  <leader>01077nam1a2200337 i 4500</leader>
  <controlfield tag="001">RU\NLR\bibl\1303540</controlfield>
  <controlfield tag="005">20241103041653.0</controlfield>
  <datafield tag="035" ind1=" " ind2=" ">
    <subfield code="a">(NLR Aleph) 001289080</subfield>
  </datafield>
  <datafield tag="090" ind1=" " ind2=" ">
    <subfield code="a">547623</subfield>
    <subfield code="c">547623</subfield>
  </datafield>
  <datafield tag="100" ind1=" " ind2=" ">
    <subfield code="a">20081208g20  9999u  y0rusy50      ca</subfield>
  </datafield>
  <datafield tag="101" ind1="0" ind2=" ">
    <subfield code="a">chu</subfield>
  </datafield>
  <datafield tag="102" ind1=" " ind2=" ">
    <subfield code="a">RU</subfield>
  </datafield>
  <datafield tag="105" ind1=" " ind2=" ">
    <subfield code="a">||||z   |||||</subfield>
  </datafield>
  <datafield tag="200" ind1="1" ind2=" ">
    <subfield code="a">&#x41E;&#x43A;&#x442;&#x43E;&#x438;&#x445;, &#x441;&#x438;&#x440;&#x435;&#x447;&#x44C; &#x41E;&#x441;&#x43C;&#x43E;&#x433;&#x43B;&#x430;&#x441;&#x43D;&#x438;&#x43A;</subfield>
  </datafield>
  <datafield tag="210" ind1=" " ind2=" ">
    <subfield code="a">&#x41C;&#x43E;&#x441;&#x43A;&#x432;&#x430;</subfield>
    <subfield code="c">&#x41F;&#x440;&#x430;&#x432;&#x438;&#x43B;&#x43E; &#x432;&#x435;&#x440;&#x44B;</subfield>
    <subfield code="a">&#x421;&#x435;&#x440;&#x433;&#x438;&#x435;&#x432; &#x41F;&#x43E;&#x441;&#x430;&#x434;</subfield>
    <subfield code="c">&#x421;&#x432;&#x44F;&#x442;&#x43E;-&#x422;&#x440;&#x43E;&#x438;&#x446;&#x43A;&#x430;&#x44F; &#x421;&#x435;&#x440;&#x433;&#x438;&#x435;&#x432;&#x430; &#x41B;&#x430;&#x432;&#x440;&#x430;</subfield>
    <subfield code="d">2007</subfield>
  </datafield>
  <datafield tag="215" ind1=" " ind2=" ">
    <subfield code="d">24</subfield>
  </datafield>
  <datafield tag="300" ind1=" " ind2=" ">
    <subfield code="a">&#x417;&#x430;&#x433;&#x43B;. &#x43E;&#x431;&#x43B;.: &#x41E;&#x43A;&#x442;&#x43E;&#x438;&#x445;</subfield>
  </datafield>
  <datafield tag="300" ind1=" " ind2=" ">
    <subfield code="a">&#x417;&#x430;&#x433;&#x43B;. &#x438; &#x442;&#x435;&#x43A;&#x441;&#x442; &#x43D;&#x430; &#x446;&#x435;&#x440;&#x43A;&#x43E;&#x432;&#x43D;&#x43E;&#x441;&#x43B;&#x430;&#x432;. &#x44F;&#x437;.</subfield>
  </datafield>
  <datafield tag="463" ind1=" " ind2="0">
    <subfield code="1">0011238331</subfield>
  </datafield>
  <datafield tag="463" ind1=" " ind2="0">
    <subfield code="1">0011239316</subfield>
  </datafield>
  <datafield tag="512" ind1="0" ind2=" ">
    <subfield code="a">&#x41E;&#x43A;&#x442;&#x43E;&#x438;&#x445;</subfield>
  </datafield>
  <datafield tag="517" ind1="0" ind2=" ">
    <subfield code="a">&#x41E;&#x441;&#x43C;&#x43E;&#x433;&#x43B;&#x430;&#x441;&#x43D;&#x438;&#x43A;</subfield>
  </datafield>
  <datafield tag="606" ind1=" " ind2=" ">
    <subfield code="a">&#x41E;&#x43A;&#x442;&#x43E;&#x438;&#x445;</subfield>
    <subfield code="9">2072666</subfield>
    <subfield code="3">RU\NLR\auth\661247511</subfield>
  </datafield>
  <datafield tag="686" ind1=" " ind2=" ">
    <subfield code="a">&#x42D;372.24-507.14</subfield>
  </datafield>
  <datafield tag="801" ind1=" " ind2="0">
    <subfield code="a">RU</subfield>
    <subfield code="b">NLR</subfield>
    <subfield code="c">20081208</subfield>
    <subfield code="g">RCR</subfield>
  </datafield>
  <datafield tag="801" ind1=" " ind2="1">
    <subfield code="a">RU</subfield>
    <subfield code="b">NLR</subfield>
    <subfield code="c">20081208</subfield>
  </datafield>
  <datafield tag="852" ind1=" " ind2=" ">
    <subfield code="a">NLR</subfield>
    <subfield code="j">2008-7/3591</subfield>
  </datafield>
  <datafield tag="942" ind1=" " ind2=" ">
    <subfield code="c">BOOK</subfield>
  </datafield>
</record>
